| 000 | 00494nam a2200181Ia 4500 | ||
|---|---|---|---|
| 005 | 20250508163302.0 | ||
| 008 | 008 250505s9999 xx 000 0 eng d | ||
| 037 | _aTextual | ||
| 040 |
_aFEDL _beng _cFEDL |
||
| 041 |
_aeng _2eng |
||
| 084 |
_a378.02, PAN _qFEDL |
||
| 100 | _aPanchamukhi P R | ||
| 245 | 0 | _aEconomics of university finances : Basic principles and practice | |
| 260 | _c1977 | ||
| 300 | _a245p. | ||
| 942 |
_cTEXL _h378.02, PAN |
||
| 999 |
_c1382036 _d1382036 |
||